000 00704nam a2200193Ii 4500
003 JO-AjNU
008 230605s9999||||xx |||||||||||||| ||und||
040 _aJO-AjNU
_bara
_erda
_cJO-AjNU
041 _aara
050 1 4 _aBP492 2010
100 3 _aالبنك الإسلامي الأردني,
_eauthor
_945580
245 0 0 _aالبنك الإسلامي الأردني: نشرة إعلامية رقم 6 الفتاوى الشرعية، ج2
264 3 1 _aعمان: البنك الاسلامي الاردني، 2010
300 _aج2، 68ص
336 _atext
_btxt
_2rdacontent
337 _aunmediated
_bn
_2rdamedia
338 _avolume
_bnc
_2rdacarrier
650 4 _aالفتاوى الشرعية
_945581
999 _aA19769
_c23337
_d23337